Catálogo
 En Linea

La casa y el mundo / (Registro nro. 39295)

Detalles MARC
000 -CABECERA
campo de control de longitud fija 00566nam a2200181 a 4500
001 - NÚMERO DE CONTROL
campo de control 000039805
005 - FECHA Y HORA DE LA ÚLTIMA TRANSACCIÓN
campo de control 20201002033738.0
008 - DATOS DE LONGITUD FIJA--INFORMACIÓN GENERAL
campo de control de longitud fija 130722s19uu sp 000 0 spa d
020 ## - NÚMERO INTERNACIONAL ESTÁNDAR DEL LIBRO
Número Internacional Estándar del Libro 8474612926
040 ## - FUENTE DE LA CATALOGACIÓN
Centro catalogador/agencia de origen DO-SdBNP
Lengua de catalogación spa
Centro/agencia transcriptor BNPHU
082 ## - NÚMERO DE LA CLASIFICACIÓN DECIMAL DEWEY
Número de clasificación xxx
100 1# - ENTRADA PRINCIPAL--NOMBRE DE PERSONA
Nombre de persona Tagore, Rabindranath
9 (RLIN) 43058
245 13 - MENCIÓN DE TÍTULO
Título La casa y el mundo /
Mención de responsabilidad, etc. Rabindranath Tagore.
260 ## - PUBLICACIÓN, DISTRIBUCIÓN, ETC.
Lugar de publicación, distribución, etc. Madrid :
Nombre del editor, distribuidor, etc. Club Internacional del Libro,
Fecha de publicación, distribución, etc. [19-?].
300 ## - DESCRIPCIÓN FÍSICA
Extensión 174 p. ;
Dimensiones 22 cm.
490 1# - MENCIÓN DE SERIE
Mención de serie Grandes genios de la literatura universal
830 #0 - PUNTO DE ACCESO ADICIONAL DE SERIE-TÍTULO UNIFORME
Título uniforme Grandes genios de la literatura universal
9 (RLIN) 7077
Existencias
Estado de retiro Estado de pérdida Restricciones de uso No para préstamo Código de colección Localización permanente Ubicación/localización actual Ubicación en estantería Fecha de adquisición Número de inventario Total de préstamos Signatura topográfica completa Código de barras Fecha visto por última vez Precio válido a partir de Tipo de ítem Koha Número de copia
      Excluido de préstamo Monografías: Libros y Folletos General General En catalogación 22.07.2013 LF1   xxx 39805-10 25.06.2020 25.06.2020 No se presta  
      Excluido de préstamo Monografías: Libros y Folletos General General En catalogación 22.07.2013 LF1   xxx 39805-20 25.06.2020 25.06.2020 No se presta e.2
      Excluido de préstamo Monografías: Libros y Folletos General General En catalogación 23.07.2013 LF1   xxx 39805-30 25.06.2020 25.06.2020 No se presta e.3

Con tecnología Koha